Catalog

Record Details

Catalog Search



Tigrid, poprvé : průvodce osudem inteligentního muže ve dvacátém století  Cover Image Book Book

Tigrid, poprvé : průvodce osudem inteligentního muže ve dvacátém století / Pavel Kosatík

Record details

  • ISBN: 978-80-204-2026-8
  • Physical Description: 346 s., [32] s. obr. příl. : il. (některé barev.), portréty, faksim. ; 21 cm
  • Edition: Vyd. 1.
  • Publisher: Praha : Mladá fronta, 2013

Content descriptions

Bibliography, etc. Note:
Obsahuje bibliografii, bibliografické odkazy a rejstřík
Subject: Tigrid, Pavel, 1917-2003
novináři > Česko > 20. století
politici > Česko > 20. století
politická emigrace
journalists > Czechia > 20th century
politicians > Czechia > 20th century
political emigration
Československo > společnost a politika
Czechoslovakia > society and politics
Genre: biografie
biography

Available copies

  • 1 of 1 copy available at Common Catalog SPOK.

Holds

  • 0 current holds with 1 total copy.
Show Only Available Copies
Location Call Number / Copy Notes Barcode Shelving Location Status Due Date
The Jewish community of Prague K 2965 4638301383 K - Beletrie Available -

Electronic resources

Version of Resource: Digitalizovaný dokument


LDR 02113cam a2200565 a 4500
00154389
003CZ-PrJAB
00520191219235009.0
007ta
008131022s2013 xr acfhe 001 0bcze d
015 . ‡acnb002510885
020 . ‡a978-80-204-2026-8 ‡q(váz.)
035 . ‡a(CZ PrNK)nkc20132510885
035 . ‡a(OCoLC)867820881
040 . ‡aOSA001 ‡bcze ‡dABA001
043 . ‡ae-xr---
045 . ‡ax3x9
072 7. ‡a070 ‡xNoviny. Tisk. Žurnalistika ‡2Konspekt ‡912
072 7. ‡a929 ‡xBiografie ‡2Konspekt ‡98
080 . ‡a070.42 ‡2MRF
080 . ‡a32-051 ‡2MRF
080 . ‡a929 ‡2MRF
080 . ‡a314.15-026.49:32 ‡2MRF
080 . ‡a323 ‡2MRF
080 . ‡a(437.3) ‡2MRF
080 . ‡a(437) ‡2MRF
080 . ‡a(092) ‡2MRF
1001 . ‡aKosatík, Pavel, ‡d1962- ‡7jn19990201035 ‡4aut
24510. ‡aTigrid, poprvé : ‡bprůvodce osudem inteligentního muže ve dvacátém století / ‡cPavel Kosatík
24630. ‡aPrůvodce osudem inteligentního muže ve dvacátém století
250 . ‡aVyd. 1.
260 . ‡aPraha : ‡bMladá fronta, ‡c2013
300 . ‡a346 s., [32] s. obr. příl. : ‡bil. (některé barev.), portréty, faksim. ; ‡c21 cm
504 . ‡aObsahuje bibliografii, bibliografické odkazy a rejstřík
60017. ‡aTigrid, Pavel, ‡d1917-2003 ‡7jk01132374 ‡2czenas
648 4. ‡a1939-1996
648 7. ‡a20. století ‡7ch460558 ‡2czenas
65007. ‡anovináři ‡7ph123339 ‡zČesko ‡y20. století ‡2czenas
65007. ‡apolitici ‡7ph115781 ‡zČesko ‡y20. století ‡2czenas
65007. ‡apolitická emigrace ‡7ph124230 ‡2czenas
65009. ‡ajournalists ‡zCzechia ‡y20th century ‡2eczenas
65009. ‡apoliticians ‡zCzechia ‡y20th century ‡2eczenas
65009. ‡apolitical emigration ‡2eczenas
651 7. ‡aČeskoslovensko ‡7ge131689 ‡xspolečnost a politika ‡2czenas
651 9. ‡aCzechoslovakia ‡xsociety and politics ‡2eczenas
655 7. ‡abiografie ‡7fd131909 ‡2czenas
655 9. ‡abiography ‡2eczenas
85641. ‡uhttp://krameriusndk.nkp.cz/search/handle/uuid:533789b0-052c-11ea-af21-005056827e52 ‡yDigitalizovaný dokument
910 . ‡aABE461
995 . ‡aska
901 . ‡a54389 ‡bAUTOGEN ‡c54389 ‡tbiblio

Additional Resources